| 000 | 01088nam0a22003011 4500 | ||
|---|---|---|---|
| 001 | RU\INGAK2\INFOCOMM_322\NLR\5000115210 | ||
| 005 | 20250810071843.0 | ||
| 035 | _a(NLR Aleph) 011024864 | ||
| 090 |
_a11084310 _c11084310 |
||
| 100 | _a20121217d1944 u y0rusy50 ca | ||
| 101 | 0 | _arum | |
| 102 | _aRU | ||
| 105 | _ay z|||| | ||
| 200 | 1 |
_aPatru ani de activitate în serviciul de informaţiuni _fL. Lakaze |
|
| 210 |
_aMoscova _cEd. în limbi străine _d1944 |
||
| 215 |
_a129, [3] с. _d16 см |
||
| 300 | _aНа 4-й стр. обл.: Л. Лаказ. Четыре года разведывательной работы | ||
| 606 | 0 |
_aМировая война _xФранцузские шпионаж и контр-разведка _z1914-1918 _2nlr_sh1 |
|
| 620 | _aМосква | ||
| 700 | 1 |
_9z01790 _aLakaz _bL. |
|
| 790 | 1 |
_9z01700 _aLakaze _bL. _4070 |
|
| 801 | 1 |
_aRU _bInfoComm _c20121217 |
|
| 801 | 0 |
_aRU _bNLR _gPSBO |
|
| 852 |
_aNLR _jИ25 Г-1/8 _y2 экз. |
||
| 942 | _cBOOK | ||
| 945 | _aРоссийская национальная библиотека | ||
| 980 | _aNB | ||
| 980 | _aBV | ||